Teorija dvumernych sleďaščich sistem peremennogo toka

Uložené v:
Podrobná bibliografia
Hlavní autori: Kemešis, Povilas (Autor), Kriščiunas, Kestutis (Autor)
Médium: Kniha
Jazyk:Russian
Vydavateľské údaje: Viľňus : Mosklas, 1975
Predmet:
Tagy: Pridať tag
Žiadne tagy, Buďte prvý, kto otaguje tento záznam!

MARC

LEADER 00000nam a22000003a 4500
001 stu86525
005 20150617225628.9
008 040430s1975----xxr-----------------rus-d
040 |a STU  |b slo 
041 0 |a rus 
044 |a xxr 
080 |a 62-559.3 
100 1 |a Kemešis, Povilas  |4 aut 
245 1 |a Teorija dvumernych sleďaščich sistem peremennogo toka 
260 |a Viľňus :  |b Mosklas,  |c 1975 
300 |a 254 s 
650 7 |a nepriame regulátory  |2 stusub 
650 7 |a premenný chod  |2 stusub 
700 1 |a Kriščiunas, Kestutis  |4 aut 
996 |b 284J020599  |c J*48864  |l JJSK  |s A  |a 24  |w stu86525_0001